000
00339 a2200121 4500
001
ART_7772
005
20260410161637.0
008
260409a
245
1
0
_a
Plazo para computar quebrantos
100
1
_a
Lorenzo, Armando
700
1
_a
Cavalli, César M.
773
0
_t
Consultor tributario
_g
- Nº 8 (oct. 2007)
_w
REV474
999
_c
13020
_d
13020